|
|
|
|
| LEADER |
01359nam a2200349Ia 4500 |
| 001 |
EBC268842 |
| 003 |
MiAaPQ |
| 005 |
20200520144314.0 |
| 006 |
m o d | |
| 007 |
cr cn||||||||| |
| 008 |
041017s2003 dcu gsb 001 0 eng d |
| 020 |
|
|
|z 0815718640
|
| 035 |
|
|
|a (MiAaPQ)EBC268842
|
| 035 |
|
|
|a (Au-PeEL)EBL268842
|
| 035 |
|
|
|a (CaPaEBR)ebr10063854
|
| 035 |
|
|
|a (CaONFJC)MIL81273
|
| 035 |
|
|
|a (OCoLC)53795215
|
| 040 |
|
|
|a MiAaPQ
|c MiAaPQ
|d MiAaPQ
|
| 050 |
|
4 |
|a HD4870.U6
|b U6 2003
|
| 245 |
0 |
0 |
|a United we serve
|h [electronic resource] :
|b National service and the future of citizenship /
|c E. J. Dionne, Jr. Kayla Meltzer Drogosz, Robert E. Litan, editors.
|
| 260 |
|
|
|a Washington, D.C. :
|b Brookings Institution Press,
|c c2003.
|
| 300 |
|
|
|a xxiii, 327 p.
|
| 504 |
|
|
|a Includes bibliographical references and index.
|
| 533 |
|
|
|a Electronic reproduction. Ann Arbor, MI : ProQuest, 2015. Available via World Wide Web. Access may be limited to ProQuest affiliated libraries.
|
| 650 |
|
0 |
|a National service
|z United States.
|
| 650 |
|
0 |
|a Public welfare
|z United States.
|
| 655 |
|
4 |
|a Electronic books.
|
| 700 |
1 |
|
|a Dionne, E. J.
|
| 700 |
1 |
|
|a Drogosz, Kayla Meltzer.
|
| 700 |
1 |
|
|a Litan, Robert E.,
|d 1950-
|
| 710 |
2 |
|
|a ProQuest (Firm)
|
| 856 |
4 |
0 |
|u https://ebookcentral.proquest.com/lib/matrademy/detail.action?docID=268842
|z Click to View
|